000 00677nam a22002057a 4500
999 _c10677
_d10677
003 AR-CdUCM
008 190401b ||||| |||| 00| 0 spa d
040 _aMUNICIPALIDAD PROVINCIAL DEL CUSCO
_cBIBLIOTECA MUNICIPAL DEL CUSCO
082 _a868.5 /
_bH46C / 1914
100 _aHerrero Ochoa, Bernardo
_927654
245 _aCastelar :
_bsu infancia y sus último año de vida /
260 _aMadrid :
_bDe Fernando Fe,
_c1914.
300 _a233 páginas ;
_c18 cm.
505 _aContenido: Infancia de Castelar -- Último año de vida de Castelar.
650 _aLiteratura
_983
650 _aSiglo XX
_98
650 _aBiografía
_922
942 _2ddc
_cLIBROS
945 _aachl